=LDR 00000nam 2200000 4500 =001 INLIS000000000042403 =005 20131008015207 =008 ***********************************ind** =035 ##$$a0010-101300000000325 =041 ##$$a ind =082 ##$$a 618.2 =090 ##$$a 618.2, Ban b =245 ##$$a Bandung controversies and consensus in obstetrics =260 ##$$a 2011 $b Jakarta =300 ##$$a Xviii,392 hlm, Ilum, 23 cm =650 ##$$a KEBIDANAN, ILMU =700 ##$$a Tono Juwantono =850 ##$$a NBPNMAT =990 ##$$a 0001/BPAP-NTB/20142014